00941nam a22002657a 45000010005000000030006000050050017000110080041000280200018000690400029000870500014001160820011001301000019001412450037001602500046001972600038002433000045002815050008003265200230003345210020005645210020005846500021006046500020006257000030006455394FISKH20241202124248.0241202b cb ||||| |||| 00| 0 eng d a9780439316293 aFISKHbengcFISKHdFISKH aPZ7.C8615 a813.54 aCreech, Sharon aThe Wanderer /cby Sharon Creech aFirst Scholastic printing, September 2001 aNew York : bScholastic ;c2000 . a305 pages : billustrations ; c20 cm .  aU  aThirteen-year-old Sophie and her cousin Cody record their transatlantic crossing aboard the Wanderer, a forty-five foot sailboat, which, along with uncles and another cousin, is en route to visit their grandfather in England.8 a830 bLexile 8 aU bRaz-Plus  asailingvFiction afamilyvFiction aDiaz, Davideillustrator